Bài giảng phương pháp giảng dạy tiếng Pháp ( Dành cho sinh viên chuyên ngữ Pháp văn )

Guardado en:
Detalles Bibliográficos
Autor principal: Ngô Kim Thảo
Formato: Libro
Lenguaje:Undetermined
Publicado: Cần Thơ Trường Đại học Cần Thơ - Khoa Sư phạm 2000
Materias:
Etiquetas: Agregar Etiqueta
Sin Etiquetas, Sea el primero en etiquetar este registro!
Thư viện lưu trữ: Trung tâm Học liệu Trường Đại học Cần Thơ
LEADER 00664nam a2200181Ia 4500
001 CTU_43846
008 210402s9999 xx 000 0 und d
082 |a 440.07 
082 |b Th108 
100 |a Ngô Kim Thảo 
245 0 |a Bài giảng phương pháp giảng dạy tiếng Pháp ( Dành cho sinh viên chuyên ngữ Pháp văn ) 
245 0 |c Ngô Kim Thảo 
260 |a Cần Thơ 
260 |b Trường Đại học Cần Thơ - Khoa Sư phạm 
260 |c 2000 
650 |a french language - study and teaching - outlines, syllabi, etc 
904 |i Minh, 011012 
980 |a Trung tâm Học liệu Trường Đại học Cần Thơ